| 000 | 00531nam a2200193 a 4500 | ||
|---|---|---|---|
| 001 | 2253 | ||
| 005 | 20140414131850.0 | ||
| 008 | 010417s19uu xx 00 eng d | ||
| 020 | _a0-937934-42-9 | ||
| 050 |
_aM 591 _bW37 1989 |
||
| 100 | _aWexo, John Bonnett | ||
| 245 |
_aLions: zoobooks / _cJohn Bonnett Wexo. |
||
| 260 |
_aSan Diego, California : _bWildlife Education, _c1989. |
||
| 300 | _a16 p. : ill. ; cm. | ||
| 440 | _aZoobooks | ||
| 500 | _aJune 1989 Volume Siux Number Nine | ||
| 650 | _aLions. | ||
| 999 |
_c110148 _d110148 |
||